000 02644nam a22003857a 4500
005 2011052001391.0
010 _aB-430576-577 B-440940-944
020 _a9781591843016
_c$19.99
020 _a9781591843016
_c899.35
020 _a9781591843016
035 _aB-430576-577
035 _aB-440940-944
037 _bRBC/VEN
037 _bResearchco Book Centre
082 _a330.122
100 _aBremmer, Ian,
_d1969-
_930994
245 _aThe end of the free market :
_bwho wins the war between states and corporations? /
_cIan Bremmer
260 _aNew Delhi
_bPenguin Books India
_c2010
300 _a230 p. ;
_c24cm. (Hb)
500 _aIncludes bibliographical references and index.
650 _aCapitalism
_zCommunist countries
_930995
650 _aCapitalism
_zDeveloping countries.
_930996
650 _aGovernment ownership
_zCommunist countries
_930997
650 _aGovernment ownership
_zDeveloping countries.
_930998
942 _2ddc
_cEN
_h330.122
_mBRE
999 _c52496
_d52496